| 000 | 00731nam a2200217 4500 | ||
|---|---|---|---|
| 001 | 24435 | ||
| 010 | _a9789896920043 | ||
| 090 | _a24435 | ||
| 100 | _a20120207d2011 em y0pory5003 ba | ||
| 200 | 1 |
_aO desenvolvimento da criança _ecomo pensa, aprende e cresce nos primeiros anos _fDesmond Morris |
|
| 205 | _a1ªed. | ||
| 210 |
_aLisboa _cArteplural _cCírculo de Leitores _d 2011 |
||
| 215 |
_a168 p. _cil. _d27 cm |
||
| 606 |
_9617 _aCrianças _xDesenvolvimento |
||
| 606 |
_9621 _aCrianças _xPsicologia |
||
| 675 |
_a159.922 _9613 |
||
| 700 |
_aMorris _bDesmond _f1928- _9503 |
||
| 702 |
_aMargarido _bGraça _9504 |
||
| 801 | 0 |
_aPT _bBN _gRPC |
|
| 856 | 4 | 1 | _uhttp://rnod.bn.pt/ImagesBN/winlibimg.aspx?skey=&doc=1802652&img=5940&save=true |
| 990 | _cLIVROS | ||